Prievidza mesto nášho srdca

Bibliographic Details
Main Author: Škrinárová, Ľubica, 1946- (Author)
Other Authors: Grešner, Lukáš (Photographer)
Format: Book
Language:Slovak
Published: Banská Bystrica Štúdio Harmony 2008
ISBN:9788089151202 (viaz.)
Edition:[1. vyd.]
Series:Genius loci
Subjects:

MARC

LEADER 00000nam a2200000 a 4500
001 vtls009489064
003 SK-MaSNL
005 20260331204942.0
008 160610s2008 xo o g 000 0 slo
015 |a SNBA2009/04-01921 
020 |a 9788089151202 (viaz.) 
035 |a 2C43A66C-20E0-43E8-B009-473CEBCE55B3 
035 |a urn:nbn:sk:snk-amkx1f 
035 |a urn:nbn:sk:snk-am0082ik 
040 |a SNK  |b slo  |c SNK  |e AACR2 
041 0 |a slo 
043 |a e-xo--- 
044 |a xo  |c SK 
072 7 |a 94(437)  |x Dejiny Česka a Slovenska  |2 konspekt 
080 |a 94(437.6)  |2 2001 
080 |a 904  |2 2001 
080 |a 629  |2 2001 
080 |a (048.8)  |2 2001 
080 |a (084.12)  |2 2001 
100 1 |a Grešner, Lukáš  |4 pht  |9 43997 
245 1 0 |a Prievidza  |b mesto nášho srdca  |c Lukáš Grešner, Ľubica Škrinárová a kolektív 
250 |a [1. vyd.] 
260 |a Banská Bystrica  |b Štúdio Harmony  |c 2008 
490 1 |a Genius loci 
500 |a Vydané pre mesto Prievidza 
504 |a Bibliogr. s. 174-175 
650 0 7 |a pamiatky  |2 SNKPH  |9 3808 
650 0 7 |a osobnosti  |2 SNKPH  |9 29820 
650 0 7 |a Antiquities  |2 SNKPHeng  |9 101106 
650 0 7 |a Celebrities  |2 SNKPHeng  |9 265203 
650 0 7 |a dejiny miest  |2 SNKPH  |9 164833 
651 7 |a Prievidza (Slovensko)  |2 SNK  |9 25558 
655 7 |a monografie  |2 SNKPH  |9 70139 
655 7 |a fotografické publikácie  |2 SNKPH  |9 70483 
655 7 |a Monographs  |2 SNKPHeng  |9 120675 
655 7 |a Photographical works  |2 SNKPHeng  |9 278887 
700 1 |a Škrinárová, Ľubica,  |d 1946-  |4 aut  |9 60852 
830 0 |a Genius loci  |9 344887 
919 |a 978-80-89151-20-2 
958 |a NB 
968 |d 93/94 
999 |c 1087277  |d 1089207 
952 |a SNK  |b SNK  |y VYP  |7 0  |p 17A0618661  |o snkSB 77551 D1  |i snk2009/6531  |8 0  |0 0  |1 0  |4 0  |d 2009-04-01  |l 0  |r 2016-06-30 00:00:00  |w 2026-02-24 
952 |a SNK  |b SNK  |y PREZ  |7 0  |p 17A0618662  |o snkSB 77551  |i snk2009/6529  |8 0  |0 0  |1 0  |4 0  |d 2009-04-01  |f 1  |l 0  |r 2025-04-28 00:00:00  |w 2026-02-24